000 00703nam a2200205Ii 4500
003 JO-AjNU
008 230605s9999||||xx |||||||||||||| ||und||
040 _aJO-AjNU
_bara
_erda
_cJO-AjNU
041 _aara
050 1 4 _aDS154.16.A288 1970
100 3 _aتاليف ابو نوار، معن,
_eauthor
_950850
245 0 0 _aمعركة الكرامة 21 آذار 1968
250 _aط3
264 3 1 _aعمان: المؤلف، 1970
300 _a308ص
_bخرائط وصور توضيحية
336 _atext
_btxt
_2rdacontent
337 _aunmediated
_bn
_2rdamedia
338 _avolume
_bnc
_2rdacarrier
650 4 _aالاردن - تاريخ - الحسين - معركة الكرامة - 1968
_950851
999 _aA22425
_c25993
_d25993